000 00257nam a22001217a 4500
999 _c12709
_d12709
020 _a9780349142920
082 _a813.6
100 _aNG, Celeste
245 _aLittle Fires Everywhere/
260 _aUSA
_bAbacus
_c2018
300 _a388, pages.
942 _cBK